Prístupy k meraniu potencionálneho produktu diplomová práca

Enregistré dans:
Détails bibliographiques
Auteur principal: Filičko, Dávid
Collectivité auteur: Národohospodárska fakulta EU. Katedra financií
Autres auteurs: Ochotnický, Pavol
Format: Livre
Langue:slovaque
Publié: Bratislava 2017
Tags: Ajouter un tag
Pas de tags, Soyez le premier à ajouter un tag!

MARC

LEADER 00000nbm a2200000 4500
001 0231935
005 20171127144627.8
041 0 |a slo 
044 |a SK 
245 1 0 |a Prístupy k meraniu potencionálneho produktu  |b diplomová práca  |c Dávid Filičko ; školiteľ: Pavol Ochotnický 
264 1 |a Bratislava  |c 2017 
300 |a 57 s. 
100 1 |a Filičko, Dávid 
700 1 |a Ochotnický, Pavol 
710 2 |a Národohospodárska fakulta EU. Katedra financií